000 00894nam0a22002531 4500
001 rc\3453156
005 20260407080703.0
021 _aRU
_bРг9383-74
021 _aRU
_b74-63328
035 _a(NLR Aleph) 007882054
090 _a7924060
_c7924060
100 _a20130115d1974 |||y0rusy50 ca
101 0 _arus
102 _aRU
105 _ay z |||||
200 1 _aОрганизация социалистического соревнования на предприятиях электротехнической промышленности
_eХроника соревнования
_fИнформэлектро
210 _aМосква
_cБ. и.
_d1974
215 _a8 с.
_d22
712 0 2 _4475
_aВНИИ электромеханики
_9284356
_3RU\NLR\AUTH\886279
801 0 _aRU
_bNLR
_gpsbo
801 1 _aRU
_bELAR
_2rusmarc
852 _aNLR
_j73-6/15078
942 _cBOOK
980 _aNB